000 00384 a2200157 4500
001 73716
020 _a
040 _cAnchieta - Colégio São Paulo
100 _aBarros, José Carlos
240 1 0 _aBahia: Poetas e poemas contemporâneos
_lpor
245 1 0 _aBahia: Poetas e poemas contemporâneos
300 _a322
362 0 _a2003
650 4 _aPoesia brasileira
942 _cBK
999 _c73716
_d73716